000 00576cab a2200217 4500
001 ABS51178
008 090401t xxu||||| |||| 00| 0 eng d
035 _a(Sirsi) u13922
041 _aeng
100 _aBaker, B.
245 _aDesigns on car park safety
350 _a0
490 _aSurveyor
_v181(5300) 18-20(3)
520 _aGives the background to the development of Birmingham City Council`s car park design guide.
650 _aCAR PARKS
650 _aDESIGN
650 _aSAFETY
690 _aTRANSPORT AND COMMUNICATIONS
942 _n0
948 _c04/03/1997
999 _c8995
_d8995